Desiaty týždeň novej slovenskej hudobnej tvorby

Bibliographic Details
Main Author: Kovářová, Anna (Author)
Format: Article
Language:Slovak
Subjects:

MARC

LEADER 00000nab a2200000 a 4500
001 vtls000206572
003 SK-MaSNL
005 20260302203617.0
008 111130c1985 xo 0 slo
015 |a SNBRB19rr/mm-uuuuu 
035 |a CL0216685 
040 |a SNKBUCL  |b slo  |c SNKBUCL  |e AACR2 
041 0 |a slo 
044 |a xo  |c SK 
080 |a 78.091.4:782/785  |2 1981 
080 |a 782/785  |2 1981 
100 1 |a Kovářová, Anna  |4 aut  |9 423226 
245 1 0 |a Desiaty týždeň novej slovenskej hudobnej tvorby  |c Anna Kovářová 
650 0 7 |a Týždeň novej slovenskej hudobnej tvorby 1985  |2 snkbucl  |9 921178 
651 7 |a 5100  |2 snkbucl  |9 166206 
655 7 |a články z novín a časopisov  |2 snkbucl  |9 267496 
773 0 |t Pravda  |g Roč. 66, č. 45 (22. 2. 1985), s. 5 
850 |a Slovenská národná knižnica v Martine  |a MTA001 
852 |a SNK  |b KIS3GCP 
958 |a RK 
992 |a RBX 
999 |c 1469913  |d 1471843